<?xml version="1.0" encoding="UTF-8"?>
<record
    xmlns:xsi="http://www.w3.org/2001/XMLSchema-instance"
    xsi:schemaLocation="http://www.loc.gov/MARC21/slim http://www.loc.gov/standards/marcxml/schema/MARC21slim.xsd"
    xmlns="http://www.loc.gov/MARC21/slim">

  <leader>04672nam a22004097a 4500</leader>
  <controlfield tag="001">BRCA_4906</controlfield>
  <controlfield tag="002">T-65</controlfield>
  <controlfield tag="003">FranzMayer</controlfield>
  <controlfield tag="005">20260505162505.0</controlfield>
  <controlfield tag="006">a||||gr|||| 00| 0 </controlfield>
  <controlfield tag="007">ta</controlfield>
  <controlfield tag="008">260326s1885    fr ab||gr|||| 00| 0 fre d</controlfield>
  <datafield tag="040" ind1=" " ind2=" ">
    <subfield code="a">BMFM</subfield>
    <subfield code="b">spa</subfield>
  </datafield>
  <datafield tag="041" ind1="0" ind2=" ">
    <subfield code="a">fre</subfield>
  </datafield>
  <datafield tag="050" ind1=" " ind2="4">
    <subfield code="a">F1215</subfield>
    <subfield code="b">Ch36 2 1885</subfield>
  </datafield>
  <datafield tag="100" ind1="1" ind2=" ">
    <subfield code="a">Charnay, Desiere </subfield>
    <subfield code="d">(1828-1915)</subfield>
    <subfield code="9">6275</subfield>
  </datafield>
  <datafield tag="245" ind1="1" ind2="4">
    <subfield code="a">Les Anciennes Villes du Nouveau Monde Voyages d&#xB4;explorations au Mexique et dans l&#xB4;Amerique Centrale, 1857-1882 :</subfield>
    <subfield code="b">Ouvrage contenant 214 gravures et 19 cartes ou plans /</subfield>
    <subfield code="c">Desiere Charnay</subfield>
  </datafield>
  <datafield tag="246" ind1="1" ind2="1">
    <subfield code="a">Las ciudades antiguas del nuevo Mundo: Viajes y exploraciones en M&#xE9;xico y Am&#xE9;rica Central, 1857-1882 </subfield>
  </datafield>
  <datafield tag="260" ind1=" " ind2=" ">
    <subfield code="a">Paris, Francia :</subfield>
    <subfield code="b">Librairie Hachette et cie 79, Boulevard Saint-Germain, 79 , </subfield>
    <subfield code="c">1885</subfield>
  </datafield>
  <datafield tag="300" ind1=" " ind2=" ">
    <subfield code="a">XII [12], 469, [6] p&#xE1;ginas :</subfield>
    <subfield code="b">Grabados ; </subfield>
    <subfield code="c">35.5 x 26.5 x 5 cm</subfield>
  </datafield>
  <datafield tag="520" ind1="3" ind2=" ">
    <subfield code="a">Esta obra re&#xFA;ne las expediciones realizadas por el explorador y arque&#xF3;logo franc&#xE9;s D&#xE9;sir&#xE9; Charnay en M&#xE9;xico entre 1857 y 1882, con especial &#xE9;nfasis en su segundo y tercer viaje. El libro est&#xE1; dedicado a Monsieur Pierre Lorillard, quien financi&#xF3; las investigaciones de Charnay con el objetivo de esclarecer los misterios de las antiguas civilizaciones del continente americano.Ofrece una detallada narraci&#xF3;n de los recorridos de Charnay por distintas regiones de M&#xE9;xico, junto con un estudio arqueol&#xF3;gico de los vestigios precolombinos que encontr&#xF3;. En el libro, Charnay sostiene la controvertida tesis de que todas las civilizaciones mesoamericanas tienen un origen com&#xFA;n, relativamente reciente, y que son esencialmente toltecas.</subfield>
    <subfield code="b">Incluye m&#xE1;s de doscientos grabados calcogr&#xE1;ficas realizados por dieciocho artistas (entre ellos A. de Bar, H. Catenacci, Riou y H. Toussaint), que ilustran recintos arqueol&#xF3;gicos, bajorrelieves, deidades, gobernantes, y escenas de la vida cotidiana de los habitantes de los sitios visitados.Adem&#xE1;s de sus observaciones personales, el viajero incluy&#xF3; varias referencias a otros cronistas y viajeros como Sahag&#xFA;n, Humboldt, Torquemada y Diego Dur&#xE1;n. </subfield>
  </datafield>
  <datafield tag="563" ind1=" " ind2=" ">
    <subfield code="a">Otras referencias f&#xED;sicas: Media encuadernaci&#xF3;n con puntas en piel y papel. El papel del cuerpo del libro est&#xE1; formado por pulpa no identificada (qu&#xED;mica o mixta), hecho a m&#xE1;quina. El cuerpo del libro est&#xE1; formado por cuadernillos unidos mediante costura alternada sobre cuatro soportes, al parecer sencillos y ocultos, de cordel; las prolongaciones se usaron para unir el cuerpo a la cartera. Hojas de guarda decoradas. Lomera con cajo. Endose entero de tela con papel. Cabezadas industriales adheridas. Cantos refinados; el canto de cabeza est&#xE1; pulido y dorado. Soportes de las tapas de cart&#xF3;n. Decoraci&#xF3;n con l&#xED;neas doradas en las tapas; el lomo est&#xE1; dividido en seis casillas, mediante 5 costillas aparentes. Todas las costillas y las casillas 1, 3, 4, 5 y 6 est&#xE1;n decoradas con dorado; la casilla 2 tiene el autor y el t&#xED;tulo grabados en dorado; la casilla 6 tiene el a&#xF1;o grabado en dorado. Texto impreso</subfield>
  </datafield>
  <datafield tag="591" ind1=" " ind2=" ">
    <subfield code="a">Estado de Conservaci&#xF3;n: Regular</subfield>
  </datafield>
  <datafield tag="591" ind1=" " ind2=" ">
    <subfield code="b">Descripci&#xF3;n de conservaci&#xF3;n: Suciedad en primeras hojas, roturas m&#xED;nimas en hojas, cantos de las tapas, costillas y cofias abrasionadas, puntas desnudas, ca&#xF1;uela interna anterior rota, levantamiento de &#xFA;ltima capa de piel en algunas zonas</subfield>
  </datafield>
  <datafield tag="592" ind1=" " ind2=" ">
    <subfield code="a">Marcas Adicionales: Antecediendo a la portada incluye un retrato de D&#xE9;sir&#xE9; Charnay, firmado por E. Ronjat y H. Phiriat. Grabados realizados por A. de Bar, Barclay, H. Catenacci, H. Chapuis, Delahyae, P. Fritel, C. Gilbert, D. Lancelot, P. Langlois, Riou, E. Ronjat, P. Sellier, J. Guiad, A. Sirouy, Slom, T. Taylor, Thuillier, H. Toussaint. Mapa a color: &lt;&lt;Mexique: Carte des Migrations Tolteques d'apres les explorations de D&#xE9;sir&#xE9; Charnay,  grav&#xE9; et imprim&#xE9; par Erhard, 35bis, rue Denfert-Rochereau &gt;&gt; Incluye la nota: &lt;&lt;Les noms correspondants &#xE1; la p&#xE9;riode tolt&#xE9;que sont &#xE9;crits en caract&#xE9;res gras: Uxmal&gt;&gt;. Incluye &lt;&lt;Tables des gravures cartes et planes&gt;&gt; p&#xE1;gina [459] y &lt;&lt;Table des mati&#xE8;res&gt;&gt; p&#xE1;gina [465]</subfield>
  </datafield>
  <datafield tag="593" ind1=" " ind2=" ">
    <subfield code="a">Libros de viaje y de viajeros</subfield>
  </datafield>
  <datafield tag="650" ind1="1" ind2="0">
    <subfield code="a">Indigenous Peoples of Mexico</subfield>
    <subfield code="x">Antiquities</subfield>
    <subfield code="9">30141</subfield>
  </datafield>
  <datafield tag="650" ind1="1" ind2="0">
    <subfield code="a">Toltecs</subfield>
    <subfield code="9">30142</subfield>
  </datafield>
  <datafield tag="650" ind1="1" ind2="0">
    <subfield code="a">Explorers</subfield>
    <subfield code="y">19th century</subfield>
    <subfield code="z">France</subfield>
    <subfield code="9">30143</subfield>
  </datafield>
  <datafield tag="650" ind1="1" ind2="0">
    <subfield code="a">Archeology</subfield>
    <subfield code="x">History</subfield>
    <subfield code="z">Mexico</subfield>
    <subfield code="9">30144</subfield>
  </datafield>
  <datafield tag="651" ind1=" " ind2="0">
    <subfield code="a">Mexico</subfield>
    <subfield code="x">Antiquities</subfield>
    <subfield code="9">30145</subfield>
  </datafield>
  <datafield tag="651" ind1=" " ind2="0">
    <subfield code="a">Mexico</subfield>
    <subfield code="x">Description and travel</subfield>
    <subfield code="y">19th century</subfield>
    <subfield code="9">30146</subfield>
  </datafield>
  <datafield tag="856" ind1="4" ind2="1">
    <subfield code="q">TIF//PDF</subfield>
    <subfield code="u">https://bibliotecadigital.franzmayer.org.mx/items/bc0abd39-c035-4574-82b4-a71107fa0cd4</subfield>
    <subfield code="y">Biblioteca Digital Franz Mayer</subfield>
  </datafield>
  <datafield tag="902" ind1=" " ind2=" ">
    <subfield code="a">KH</subfield>
    <subfield code="a">FM</subfield>
    <subfield code="a">TV</subfield>
  </datafield>
  <datafield tag="942" ind1=" " ind2=" ">
    <subfield code="2">lcc</subfield>
    <subfield code="c">B</subfield>
  </datafield>
  <datafield tag="960" ind1=" " ind2=" ">
    <subfield code="a">CS-L3-N2</subfield>
  </datafield>
  <datafield tag="999" ind1=" " ind2=" ">
    <subfield code="c">11108</subfield>
    <subfield code="d">11108</subfield>
  </datafield>
  <datafield tag="952" ind1=" " ind2=" ">
    <subfield code="a">BRCA</subfield>
    <subfield code="b">BRCA</subfield>
    <subfield code="f">CS-L3-N2</subfield>
    <subfield code="i">T-65</subfield>
    <subfield code="l">0</subfield>
    <subfield code="o">F1215 Ch36 2 1885</subfield>
    <subfield code="p">LAR00001</subfield>
    <subfield code="r">2026-03-26 13:09:00</subfield>
    <subfield code="y">B</subfield>
    <subfield code="0">0</subfield>
    <subfield code="1">0</subfield>
    <subfield code="2">lcc</subfield>
    <subfield code="5">2</subfield>
    <subfield code="7">0</subfield>
    <subfield code="8">LAR</subfield>
  </datafield>
</record>
